|
|
|
|
| LEADER |
03244nam a2200601 4500 |
| 001 |
978-3-030-02768-1 |
| 003 |
DE-He213 |
| 005 |
20191027062116.0 |
| 007 |
cr nn 008mamaa |
| 008 |
181021s2018 gw | s |||| 0|eng d |
| 020 |
|
|
|a 9783030027681
|9 978-3-030-02768-1
|
| 024 |
7 |
|
|a 10.1007/978-3-030-02768-1
|2 doi
|
| 040 |
|
|
|d GrThAP
|
| 050 |
|
4 |
|a QA76.7-76.73
|
| 050 |
|
4 |
|a QA76.76.C65
|
| 072 |
|
7 |
|a UMX
|2 bicssc
|
| 072 |
|
7 |
|a COM051010
|2 bisacsh
|
| 072 |
|
7 |
|a UMX
|2 thema
|
| 072 |
|
7 |
|a UMC
|2 thema
|
| 082 |
0 |
4 |
|a 005.13
|2 23
|
| 245 |
1 |
0 |
|a Programming Languages and Systems
|h [electronic resource] :
|b 16th Asian Symposium, APLAS 2018, Wellington, New Zealand, December 2-6, 2018, Proceedings /
|c edited by Sukyoung Ryu.
|
| 250 |
|
|
|a 1st ed. 2018.
|
| 264 |
|
1 |
|a Cham :
|b Springer International Publishing :
|b Imprint: Springer,
|c 2018.
|
| 300 |
|
|
|a XI, 437 p. 123 illus.
|b online resource.
|
| 336 |
|
|
|a text
|b txt
|2 rdacontent
|
| 337 |
|
|
|a computer
|b c
|2 rdamedia
|
| 338 |
|
|
|a online resource
|b cr
|2 rdacarrier
|
| 347 |
|
|
|a text file
|b PDF
|2 rda
|
| 490 |
1 |
|
|a Programming and Software Engineering ;
|v 11275
|
| 505 |
0 |
|
|a Types -- Program Analysis -- Tools -- Functional Programs and Probabilistic Programs -- Verification -- Logic -- Continuation and Model Checking.
|
| 520 |
|
|
|a This book constitutes the proceedings of the 16th Asian Symposium on Programming Languages and Systems, APLAS 2018, held in Wellington, New Zealand, in December 2018. The 22 papers presented in this volume were carefully reviewed and selected from 51 submissions. They are organized in topical sections named: types; program analysis; tools; functional programs and probabilistic programs; verification; logic; and continuation and model checking.
|
| 650 |
|
0 |
|a Programming languages (Electronic computers).
|
| 650 |
|
0 |
|a Software engineering.
|
| 650 |
|
0 |
|a Computer programming.
|
| 650 |
|
0 |
|a Computers.
|
| 650 |
|
0 |
|a Artificial intelligence.
|
| 650 |
|
0 |
|a Computer system failures.
|
| 650 |
1 |
4 |
|a Programming Languages, Compilers, Interpreters.
|0 http://scigraph.springernature.com/things/product-market-codes/I14037
|
| 650 |
2 |
4 |
|a Software Engineering.
|0 http://scigraph.springernature.com/things/product-market-codes/I14029
|
| 650 |
2 |
4 |
|a Programming Techniques.
|0 http://scigraph.springernature.com/things/product-market-codes/I14010
|
| 650 |
2 |
4 |
|a Theory of Computation.
|0 http://scigraph.springernature.com/things/product-market-codes/I16005
|
| 650 |
2 |
4 |
|a Artificial Intelligence.
|0 http://scigraph.springernature.com/things/product-market-codes/I21000
|
| 650 |
2 |
4 |
|a System Performance and Evaluation.
|0 http://scigraph.springernature.com/things/product-market-codes/I13049
|
| 700 |
1 |
|
|a Ryu, Sukyoung.
|e editor.
|0 (orcid)0000-0002-0019-9772
|1 https://orcid.org/0000-0002-0019-9772
|4 edt
|4 http://id.loc.gov/vocabulary/relators/edt
|
| 710 |
2 |
|
|a SpringerLink (Online service)
|
| 773 |
0 |
|
|t Springer eBooks
|
| 776 |
0 |
8 |
|i Printed edition:
|z 9783030027674
|
| 776 |
0 |
8 |
|i Printed edition:
|z 9783030027698
|
| 830 |
|
0 |
|a Programming and Software Engineering ;
|v 11275
|
| 856 |
4 |
0 |
|u https://doi.org/10.1007/978-3-030-02768-1
|z Full Text via HEAL-Link
|
| 912 |
|
|
|a ZDB-2-SCS
|
| 912 |
|
|
|a ZDB-2-LNC
|
| 950 |
|
|
|a Computer Science (Springer-11645)
|